000
00326nam a2200121Ia 4500
008
220204s9999 xx 000 0 und d
082
_a
547
_b
ROB
100
_a
Roberts, John D
245
0
_a
Organic chemistry: Methane to macromolecules
260
_a
California
_b
W A Benjamin
_c
1971
650
_a
Organic chemistry
942
_c
BK
999
_c
24724
_d
24724